|
|
|
|
| LEADER |
00000cas a2200000 a 4500 |
| 001 |
vtls001475556 |
| 003 |
SK-MaSNL |
| 005 |
20260228160706.0 |
| 008 |
160624d197u200uxo ar b 0 0 0slo |
| 015 |
|
|
|a SNBSAB1997-00020 (r. 1995-1996)
|a SNBSAB1998-00039 (r. 1997)
|a SNBSAB2001-00087 (r. 2000)
|
| 020 |
|
|
|a 8089099017
|
| 020 |
|
|
|a 809682435X (brož. : r. 2000)
|
| 035 |
|
|
|a SNK000430857
|
| 040 |
|
|
|a SNK
|b slo
|c SNK
|e AACR2
|
| 041 |
0 |
|
|a slo
|
| 043 |
|
|
|a e-xo---
|
| 044 |
|
|
|a xo
|c SK
|
| 072 |
|
7 |
|a 01
|x Bibliografia. Katalógy
|2 konspekt
|
| 080 |
|
|
|a (437.6)+(438)
|2 2011
|
| 080 |
|
|
|a 01
|2 2011
|
| 080 |
|
|
|a 015
|2 2011
|
| 080 |
|
|
|a (058)
|2 2011
|
| 080 |
|
|
|a (437.641)
|2 2011
|
| 245 |
0 |
0 |
|a Orava v tlači za rok ...
|b výberová regionálna bibliografia : okresy Dolný Kubín, Námestovo a Tvrdošín
|
| 246 |
1 |
3 |
|a Orava v tlači ...
|
| 246 |
1 |
3 |
|a Orava v tlači za ... polrok ...
|
| 260 |
|
|
|a Dolný Kubín
|b Oravská knižnica
|
| 300 |
|
|
|a zv.
|c 21 cm
|
| 310 |
|
|
|a 1x ročne
|
| 500 |
|
|
|a Súčasťou názvu je označenie kalendárneho roku resp. poradové číslo polroku
|
| 504 |
|
|
|a Reg. autorský, geograficko-predmetový a predmetový
|
| 650 |
0 |
7 |
|a bibliografia
|2 SNKPH
|9 24254
|
| 651 |
|
7 |
|a Dolný Kubín (Slovensko : okres)
|2 SNKPHgeo
|9 56261
|
| 651 |
|
7 |
|a Námestovo (Slovensko : okres)
|2 SNKPHgeo
|9 104753
|
| 651 |
|
7 |
|a Tvrdošín (Slovensko : okres)
|2 SNKPHgeo
|9 56288
|
| 651 |
|
7 |
|a Orava (Slovensko : región)
|2 SNKPHgeo
|9 116635
|
| 655 |
|
7 |
|a regionálne bibliografie
|2 SNKPH
|9 70484
|
| 655 |
|
7 |
|a ročenky
|2 SNKPH
|9 57146
|
| 710 |
2 |
|
|a Oravská knižnica (Dolný Kubín, Slovensko)
|4 pbl
|9 33812
|
| 910 |
|
|
|a snk
|
| 919 |
|
|
|a 80-89099-01-7
|
| 919 |
|
|
|a 80-968243-5-X
|
| 958 |
|
|
|a RG
|
| 999 |
|
|
|c 3375
|d 5305
|
| 952 |
|
|
|0 0
|1 0
|4 0
|7 0
|a SNK
|b SNK
|d 2000-01-05
|l 0
|o snkČSB 2635/1991
|p 17A0101967
|r 2005-01-02 00:00:00
|w 2026-02-21
|y PREZ
|
| 952 |
|
|
|0 0
|1 0
|4 0
|7 0
|a SNK
|b SNK
|d 1997-07-07
|i snkKSP 7245/97
|l 0
|o snkČSB 2635/1995-1996
|p 17A0101977
|r 2005-01-02 00:00:00
|w 2026-02-21
|y PREZ
|
| 952 |
|
|
|0 0
|1 0
|4 0
|7 0
|a SNK
|b SNK
|d 1997-07-07
|i snkKSP 7246/97
|l 0
|o snkČSB 2635/1995-1996 D1
|p 17A0078400
|r 2005-01-02 00:00:00
|w 2026-02-21
|y PREZ
|
| 952 |
|
|
|0 0
|1 0
|4 0
|7 0
|a SNK
|b SNK
|d 2000-02-10
|i snkKSP 1815/2000
|l 0
|o snkČSB 2635/1998
|p 17A0228265
|r 2005-01-02 00:00:00
|w 2026-02-21
|y PREZ
|
| 952 |
|
|
|0 0
|1 0
|4 0
|7 0
|a SNK
|b SNK
|d 2000-02-10
|i snkKSP 1816/2000
|l 0
|o snkČSB 2635/1998 D1
|p 17A0228266
|r 2005-01-02 00:00:00
|w 2026-02-21
|y PREZ
|
| 952 |
|
|
|0 0
|1 0
|4 0
|7 0
|a SNK
|b SNK
|d 2004-05-27
|i snkPV 841/2004
|l 0
|o snkČSB 2635/2001
|p 17A0431175
|r 2005-01-02 00:00:00
|w 2026-02-21
|y PREZ
|
| 952 |
|
|
|0 0
|1 0
|4 0
|7 0
|a SNK
|b SNK
|d 2004-05-27
|i snkPV 842/2004
|l 0
|o snkČSB 2635/2001 D1
|p 17A0431176
|r 2005-01-02 00:00:00
|w 2026-02-21
|y PREZ
|
| 952 |
|
|
|0 0
|1 0
|4 0
|7 0
|a SNK
|b SNK
|d 2011-06-22
|i snkČSP 16908/81
|l 0
|o snkČSB 2635/1980 D1
|p 17A0698066
|r 2026-02-21 20:06:19
|t č. 1-2
|w 2026-02-21
|y PREZ
|
| 952 |
|
|
|0 0
|1 0
|4 0
|7 0
|a SNK
|b SNK
|d 2011-06-22
|i snkČSP 1617/80
|l 0
|o snkČSB 2635/1979 D1
|p 17A0698059
|r 2026-02-21 20:06:19
|t č. 1-2
|w 2026-02-21
|y PREZ
|
| 952 |
|
|
|0 0
|1 0
|4 0
|7 0
|a SNK
|b SNK
|d 2011-06-22
|i snkČSP 1216/80
|l 0
|o snkČSB 2635/1978/1 D1
|p 17A0698353
|r 2026-02-21 20:06:20
|t 1. polrok
|w 2026-02-21
|y PREZ
|
| 952 |
|
|
|0 0
|1 0
|4 0
|7 0
|a SNK
|b SNK
|d 2011-06-22
|i snkČSP 1615/80
|l 0
|o snkČSB 2635/1978/2 D1
|p 17A0699696
|r 2026-02-21 20:06:20
|t 2. polrok
|w 2026-02-21
|y PREZ
|
| 952 |
|
|
|0 0
|1 0
|4 0
|7 0
|a SNK
|b SNK
|d 2011-06-22
|l 0
|o snkČSB 2635/1977 D1
|p 17A0699695
|r 2026-02-21 20:06:20
|t č. 1-2
|w 2026-02-21
|y PREZ
|
| 952 |
|
|
|0 0
|1 0
|4 0
|7 0
|a SNK
|b SNK
|d 2011-06-22
|i snkKSP 7241/80
|l 0
|o snkČSB 2635/1976 D1
|p 17A0699697
|r 2026-02-21 20:06:20
|t č. 1-2
|w 2026-02-21
|y PREZ
|
| 952 |
|
|
|0 0
|1 0
|4 0
|7 0
|a SNK
|b SNK
|d 2011-06-22
|i snkČSP 659/93
|l 0
|o snkČSB 2635/1989 D1
|p 17A0699698
|r 2026-02-21 20:06:20
|t č. 1-2
|w 2026-02-21
|y PREZ
|
| 952 |
|
|
|0 0
|1 0
|4 0
|7 0
|a SNK
|b SNK
|d 2011-06-22
|i snkČSP 3982/90
|l 0
|o snkČSB 2635/1988 D1
|p 17A0699099
|r 2026-02-21 20:06:20
|t č. 1-2
|w 2026-02-21
|y PREZ
|
| 952 |
|
|
|0 0
|1 0
|4 0
|7 0
|a SNK
|b SNK
|d 2011-06-22
|i snkČSP 1063/85
|l 0
|o snkČSB 2635/1984 D1
|p 17A0699679
|r 2026-02-21 20:06:20
|t č. 1-2
|w 2026-02-21
|y PREZ
|
| 952 |
|
|
|0 0
|1 0
|4 0
|7 0
|a SNK
|b SNK
|d 2011-06-22
|i snkKSP 8157/84
|l 0
|o snkČSB 2635/1983 D1
|p 17A0699541
|r 2026-02-21 20:06:20
|w 2026-02-21
|y PREZ
|
| 952 |
|
|
|0 0
|1 0
|4 0
|7 0
|a SNK
|b SNK
|d 2011-06-22
|i snkČSP 1571/82
|l 0
|o snkČSB 2635/1981 D1
|p 17A0699542
|r 2026-02-21 20:06:20
|t č. 1-2
|w 2026-02-21
|y PREZ
|
| 952 |
|
|
|0 0
|1 0
|4 0
|7 0
|a SNK
|b SNK
|d 2011-06-22
|i snkČSP 2546/89
|l 0
|o snkČSB 2635/1987 D1
|p 17A0699498
|r 2026-02-21 20:06:36
|t č. 1-2
|w 2026-02-21
|y PREZ
|
| 952 |
|
|
|0 0
|1 0
|4 0
|7 0
|a SNK
|b SNK
|d 2011-06-22
|i snkČSP 4910/87
|l 0
|o snkČSB 2635/1986 D1
|p 17A0699699
|r 2026-02-21 20:06:36
|t č. 1-2
|w 2026-02-21
|y PREZ
|
| 952 |
|
|
|0 0
|1 0
|4 0
|7 0
|a SNK
|b SNK
|d 2011-06-22
|i snkČSP 3286/86
|l 0
|o snkČSB 2635/1985 D1
|p 17A0699700
|r 2026-02-21 20:06:36
|t č. 1-2
|w 2026-02-21
|y PREZ
|
| 952 |
|
|
|0 0
|1 0
|4 0
|7 0
|a SNK
|b SNK
|d 2011-06-22
|i snkKSP 7662/83
|l 0
|o snkČSB 2635/1982 D1
|p 17A0699680
|r 2026-02-21 20:09:06
|w 2026-02-21
|y PREZ
|
| 952 |
|
|
|0 0
|1 0
|4 0
|7 0
|a SNK
|b SNK
|d 2000-01-05
|l 0
|o snkČSB 2635/1982
|p 17A0101181
|r 2005-01-02 00:00:00
|w 2026-02-21
|y PREZ
|
| 952 |
|
|
|0 0
|1 0
|4 0
|7 0
|a SNK
|b SNK
|d 2000-01-05
|l 0
|o snkČSB 2635/1988
|p 17A0101260
|r 2005-01-02 00:00:00
|t č. 1-2
|w 2026-02-21
|y PREZ
|
| 952 |
|
|
|0 0
|1 0
|4 0
|7 0
|a SNK
|b SNK
|d 2002-01-28
|i snkKSP 1225/2002
|l 0
|o snkČSB 2635/2000 D1
|p 17A0331100
|r 2005-01-02 00:00:00
|w 2026-02-21
|y PREZ
|
| 952 |
|
|
|0 0
|1 0
|4 0
|7 0
|a SNK
|b SNK
|d 1997-09-08
|l 0
|o snkČSB 2635/1977
|p 17A0093605
|r 2005-01-02 00:00:00
|t č. 1-2
|w 2026-02-21
|y PREZ
|
| 952 |
|
|
|0 0
|1 0
|4 0
|7 0
|a SNK
|b SNK
|d 1997-09-25
|l 0
|o snkČSB 2635/1979
|p 17A0097960
|r 2005-01-02 00:00:00
|t č. 1-2
|w 2026-02-21
|y PREZ
|
| 952 |
|
|
|0 0
|1 0
|4 0
|7 0
|a SNK
|b SNK
|d 1997-09-25
|l 0
|o snkČSB 2635/1978
|p 17A0097962
|r 2005-01-02 00:00:00
|w 2026-02-21
|y PREZ
|
| 952 |
|
|
|0 0
|1 0
|4 0
|7 0
|a SNK
|b SNK
|d 1997-10-04
|l 0
|o snkČSB 2635/1993
|p 17A0101725
|r 2005-01-02 00:00:00
|w 2026-02-21
|y PREZ
|
| 952 |
|
|
|0 0
|1 0
|4 0
|7 0
|a SNK
|b SNK
|d 1997-11-03
|l 0
|o snkČSB 2635/1993 D1
|p 17A0105711
|r 2005-01-02 00:00:00
|w 2026-02-21
|y PREZ
|
| 952 |
|
|
|0 0
|1 0
|4 0
|7 0
|a SNK
|b SNK
|d 1997-10-04
|l 0
|o snkČSB 2635/18/1994
|p 17A0101726
|r 2005-01-02 00:00:00
|w 2026-02-21
|y PREZ
|
| 952 |
|
|
|0 0
|1 0
|4 0
|7 0
|a SNK
|b SNK
|d 1997-10-04
|l 0
|o snkČSB 2635/1992
|p 17A0101172
|r 2005-01-02 00:00:00
|w 2026-02-21
|y PREZ
|
| 952 |
|
|
|0 0
|1 0
|4 0
|7 0
|a SNK
|b SNK
|d 1997-11-03
|l 0
|o snkČSB 2635/1992 D1
|p 17A0105712
|r 2005-01-02 00:00:00
|w 2026-02-21
|y PREZ
|
| 952 |
|
|
|0 0
|1 0
|4 0
|7 0
|a SNK
|b SNK
|d 1997-11-03
|l 0
|o snkČSB 2635/18/1994
|p 17A0106047
|r 2005-01-02 00:00:00
|w 2026-02-21
|y PREZ
|
| 952 |
|
|
|0 0
|1 0
|4 0
|7 0
|a SNK
|b SNK
|d 2001-01-05
|i snkKSP 255/2001
|l 0
|o snkČSB 2635/1999
|p 17A0264484
|r 2005-01-02 00:00:00
|w 2026-02-21
|y PREZ
|
| 952 |
|
|
|0 0
|1 0
|4 0
|7 0
|a SNK
|b SNK
|d 2001-01-05
|i snkKSP 256/2001
|l 0
|o snkČSB 2635/1999 D1
|p 17A0264485
|r 2005-01-02 00:00:00
|w 2026-02-21
|y PREZ
|
| 952 |
|
|
|0 0
|1 0
|4 0
|7 0
|a SNK
|b SNK
|d 2002-01-28
|i snkKSP 1224/2002
|l 0
|o snkČSB 2635/2000
|p 17A0430889
|r 2005-01-02 00:00:00
|w 2026-02-21
|y PREZ
|
| 952 |
|
|
|0 0
|1 0
|4 0
|7 0
|a SNK
|b SNK
|d 1997-09-25
|l 0
|o snkČSB 2635/1980
|p 17A0097961
|r 2005-01-02 00:00:00
|t č. 1-2
|w 2026-02-21
|y PREZ
|
| 952 |
|
|
|0 0
|1 0
|4 0
|7 0
|a SNK
|b SNK
|d 2000-01-05
|l 0
|o snkČSB 2635/1981
|p 17A0101508
|r 2005-01-02 00:00:00
|t č. 1-2
|w 2026-02-21
|y PREZ
|
| 952 |
|
|
|0 0
|1 0
|4 0
|7 0
|a SNK
|b SNK
|d 2000-01-05
|l 0
|o snkČSB 2635/1983
|p 17A0101256
|r 2005-01-02 00:00:00
|w 2026-02-21
|y PREZ
|
| 952 |
|
|
|0 0
|1 0
|4 0
|7 0
|a SNK
|b SNK
|d 2000-01-05
|l 0
|o snkČSB 2635/1984
|p 17A0101673
|r 2005-01-02 00:00:00
|t č. 1-2
|w 2026-02-21
|y PREZ
|
| 952 |
|
|
|0 0
|1 0
|4 0
|7 0
|a SNK
|b SNK
|d 2000-01-05
|l 0
|o snkČSB 2635/1986
|p 17A0101229
|r 2005-01-02 00:00:00
|t č. 1-2
|w 2026-02-21
|y PREZ
|
| 952 |
|
|
|0 0
|1 0
|4 0
|7 0
|a SNK
|b SNK
|d 2000-01-05
|l 0
|o snkČSB 2635/1987
|p 17A0101515
|r 2005-01-02 00:00:00
|t č. 1-2
|w 2026-02-21
|y PREZ
|
| 952 |
|
|
|0 0
|1 0
|4 0
|7 0
|a SNK
|b SNK
|d 2000-01-05
|l 0
|o snkČSB 2635/1989
|p 17A0101210
|r 2005-01-02 00:00:00
|t č. 1-2
|w 2026-02-21
|y PREZ
|
| 952 |
|
|
|0 0
|1 0
|4 0
|7 0
|a SNK
|b SNK
|d 2000-01-05
|l 0
|o snkČSB 2635/1990
|p 17A0101654
|r 2005-01-02 00:00:00
|w 2026-02-21
|y PREZ
|
| 952 |
|
|
|0 0
|1 0
|4 0
|7 0
|a SNK
|b SNK
|d 1998-12-14
|i snkKSP 11467/98
|l 0
|o snkČSB 2635/1997
|p 17A0171924
|r 2005-01-02 00:00:00
|w 2026-02-21
|y PREZ
|
| 952 |
|
|
|0 0
|1 0
|4 0
|7 0
|a SNK
|b SNK
|d 1998-12-14
|i snkKSP 11468/98
|l 0
|o snkČSB 2635/1997 D1
|p 17A0171925
|r 2005-01-02 00:00:00
|w 2026-02-21
|y PREZ
|
| 952 |
|
|
|0 0
|1 0
|4 0
|7 0
|a SNK
|b SNK
|d 1999-06-15
|l 0
|o snkČSB 2635/1985
|p 17A0196831
|r 2005-01-02 00:00:00
|t č. 1-2
|w 2026-02-21
|y PREZ
|
| 952 |
|
|
|0 0
|1 0
|4 0
|7 0
|a SNK
|b SNK
|d 1999-06-15
|l 0
|o snkČSB 2635/1985
|p 17A0101675
|r 2005-01-02 00:00:00
|t č. 1-2
|w 2026-02-21
|y PREZ
|
| 952 |
|
|
|0 0
|1 0
|4 0
|7 0
|a SNK
|b SNK
|d 1997-09-08
|l 0
|o snkČSB 2635/1976
|p 17A0093557
|r 2005-01-02 00:00:00
|t č. 1-2
|w 2026-02-21
|y PREZ
|